| 000 | 00588nam a2200205Ia 4500 | ||
|---|---|---|---|
| 005 | 20260429111959.0 | ||
| 008 | 260429s9999||||xx |||||||||||||| ||und|| | ||
| 020 | _a9780000991522 | ||
| 041 | _aEnglish | ||
| 082 |
_a338.642 _bMCC |
||
| 100 | _aMccain, Roger A | ||
| 245 | 0 |
_aEconomics of small business : _ban introductory survey / _cRoger A Mccain |
|
| 260 |
_aSingapore : _bWorld Scientific Publishing, _c2024. |
||
| 300 | _axi, 272 p.; pbk | ||
| 650 | _a Production economics | ||
| 650 | _a Small business | ||
| 650 | _a Survey research | ||
| 650 | _aEconomics | ||
| 942 | _cTB | ||
| 999 |
_c51732 _d51732 |
||